Top Fantasy Football Players - Statistics

General Stats
  • This quiz has been taken 104 times
    96 since last reset
  • The average score is 14 of 42
Answer Stats
Position 2014 % Correct
QB Aaron Rodgers
86%
QB Aaron Rodgers
86%
QB Peyton Manning
84%
TE Rob Gronkowski
78%
TE Rob Gronkowski
78%
QB Drew Brees
77%
WR Antonio Brown
74%
WR Calvin Johnson
73%
WR Calvin Johnson
73%
RB Adrian Peterson
68%
TE Jimmy Graham
53%
TE Jimmy Graham
53%
Defense Chicago Bears
47%
RB Jamaal Charles
47%
K Stephen Gostkowski
45%
K Stephen Gostkowski
45%
Defense New England Patriots
43%
RB DeMarco Murray
42%
QB Michael Vick
30%
RB Arian Foster
28%
TE Jason Witten
28%
4
27%
Defense San Francisco 49ers
27%
Defense Kansas City Chiefs
23%
Defense Philadelphia Eagles
23%
RB Ray Rice
19%
WR Josh Gordon
12%
K Sebastian Janikowski
9%
K David Akers
7%
WR Brandon Lloyd
5%
2
3%
3
3%
1
1%
5
1%
6
1%
7
1%
8
1%
K Blair Walsh
1%
2010
0%
2011
0%
2012
0%
2013
0%
No matching quizzes found
Score Distribution
Percent of People with Each Score
Percentile by Number Answered
Your Score History
You have not taken this quiz since the last reset